[Event "HUN-chT1"]
[Site "HUN"]
[Date "1995.??.??"]
[Round "?"]
[White "Sinkovics, Peter"]
[Black "Varga, Peter"]
[Result "1/2-1/2"]
[WhiteElo "2410"]
[BlackElo "2440"]

1.d4 d5 2.Nf3 Nf6 3.c4 c6 4.Nc3 dxc4 5.a4 Bf5 6.e3 e6 7.Bxc4 Bb4 8.O-O O-O
9.Qb3 Qe7 10.Bd2 a5 11.Nh4 Bg4 12.f3 Bh5 13.g4 Bg6 14.Be1 c5 15.Rd1 cxd4
16.exd4 Nc6 17.Bf2 Rfd8 18.Rfe1 Qf8 19.Re2 Rd7 20.d5 exd5 21.Nxd5 Nxd5 22.Rxd5 Rad8
23.Nxg6 hxg6 24.Kg2 Rxd5 25.Bxd5 Rd7 26.Qc4 Re7 27.Rxe7 Qxe7 28.Bxc6 bxc6
29.Qxc6 Qe2 30.Qc1 Kh7 31.b3 Qa2 32.Qe3 g5 33.Qxg5 Qxb3 34.Bd4 f6 35.Qh5+ Kg8
36.Qg6 Qa2+ 37.Kg1 Qe6 38.Qe4 Qa2 39.Qe8+ Kh7 40.Qe4+ Kg8 41.Qc6 Qb3 42.Kg2 Qd1
43.Bf2 Qd2 44.h4 Kf7 45.h5 Qe2 46.Qe4 Qd2 47.f4 Be7 48.Qf5 Kg8 49.Qe6+ Kf8
50.Qc4 Qd1 51.Kg3 Qd2 52.Qd4 Qe2 53.Qc3 Bb4 54.Qc8+ Kf7 55.Qf5 Be1 56.Qd5+ Kf8
57.Qc5+ Kg8 58.Bxe1 Qxe1+ 59.Qf2 Qd1 60.Qa2+ Kh8 61.Qc4 Qg1+ 62.Kf3 Qd1+
63.Ke4 Qxg4 64.Qb5 Qe6+ 65.Kd4 Qd6+ 66.Ke4 Qe6+ 67.Kd3 Qd6+ 68.Ke3 Qe6+ 69.Kf2  1/2-1/2

[Event "HUN-chT1"]
[Site "HUN"]
[Date "1995.??.??"]
[Round "?"]
[White "Hoang Than Trang"]
[Black "Jakab, Attila"]
[Result "0-1"]
[WhiteElo "2325"]
[BlackElo "2030"]

1.d4 d5 2.c4 c6 3.Nf3 Nf6 4.Nc3 dxc4 5.a4 Bf5 6.e3 e6 7.Bxc4 Bb4 8.O-O O-O
9.Nh4 Bg4 10.f3 Bh5 11.g4 Bg6 12.Nxg6 hxg6 13.e4 Qb6 14.Kh1 Rd8 15.Qb3 c5
16.dxc5 Bxc5 17.Qxb6 Bxb6 18.a5 Bc5 19.Bg5 Rd4 20.b3 Nc6 21.a6 bxa6 22.Rxa6 Nb4
23.Ra5 Bb6 24.Ra4 a5 25.Bb5 Rc8 26.Ne2 Rd6 27.Bc4 Nd7 28.Be7 Rd2 29.Bxb4 axb4
30.Nf4 Bc7 31.Ng2 Bd6 32.Ra6 Ne5 33.Ne3 Nxc4 34.Nxc4 Rxh2+ 35.Kg1 Bf4 36.Ra4 Rc2
37.Rxb4 Ra8 38.Rf2 Rxf2 39.Kxf2 Ra2+ 40.Kf1 Kf8 41.e5 f6 42.Rb8+ Ke7 43.Rb7+ Kf8
44.exf6 gxf6 45.Nb6 g5 46.Nd7+ Ke7 47.Nc5+ Kd6 48.b4 Be3 49.Rd7+ Kc6 50.Re7 Rf2+
51.Ke1 Bxc5 52.Rxe6+ Kd5 53.bxc5 Rxf3 54.Ra6 Kxc5 55.Ke2 Rf4 56.Ke3 Kd5 57.Rb6 Ke5
58.Rb5+ Ke6 59.Rb6+ Kf7 60.Rb7+ Kg6  0-1

[Event "HUN-chT1"]
[Site "HUN"]
[Date "1995.??.??"]
[Round "?"]
[White "Konopka, Michal"]
[Black "Varga, Peter"]
[Result "1/2-1/2"]
[WhiteElo "2395"]
[BlackElo "2440"]

1.d4 d5 2.Nf3 Nf6 3.c4 c6 4.Nc3 dxc4 5.a4 Bf5 6.e3 e6 7.Bxc4 Bb4 8.O-O O-O
9.Qe2 Bg4 10.h3 Bxf3 11.Qxf3 Nbd7 12.Ne4 e5 13.Rd1 Nxe4 14.Qxe4 Qe7 15.b3 Kh8
16.dxe5 Nxe5 17.Be2 f5 18.Qc2 Rae8 19.g3 Nd7 20.Bb2 Nf6 21.Rd3 Bd6 22.Bf3 Ne4
23.Rad1 Rd8 24.Qc4 Bc7 25.b4 Rxd3 26.Rxd3 Rd8 27.Rxd8+ Bxd8  1/2-1/2

[Event "HUN-chT1"]
[Site "HUN"]
[Date "1995.??.??"]
[Round "?"]
[White "Mann, Gerald"]
[Black "Gyurkovics, Miklos"]
[Result "1-0"]
[WhiteElo "2350"]
[BlackElo "2260"]

1.d4 c6 2.Nf3 d5 3.c4 Nf6 4.Nc3 dxc4 5.a4 Bf5 6.e3 e6 7.Bxc4 Bb4 8.O-O Nbd7
9.Nh4 O-O 10.Qb3 Qe7 11.Ne2 a5 12.Ng3 Be4 13.Nxe4 Nxe4 14.g3 Nd6 15.Bd3 c5
16.Qc2 f5 17.d5 c4 18.Bxc4 Rac8 19.b3 exd5 20.Bxd5+ Kh8 21.Qd1 Nf6 22.Bb2 Rc5
23.Bg2 Nde4 24.Bd4 Rd5 25.Bxf6 Rxd1 26.Bxe7 Rxf1+ 27.Rxf1 Bxe7 28.Nxf5 Nd2
29.Nxe7 Nxf1 30.Bxf1 Rd8 31.Bc4 Rd2 32.h4 g6 33.e4 Kg7 34.e5 h6 35.Kg2 g5
36.h5 Kf8 37.Nf5  1-0

[Event "HUN-chT2 9495"]
[Site "HUN"]
[Date "1995.??.??"]
[Round "?"]
[White "Seres, Lajos"]
[Black "Fancsy, Imre"]
[Result "1/2-1/2"]
[WhiteElo "2430"]
[BlackElo "2365"]

1.Nf3 d5 2.d4 c6 3.c4 Nf6 4.Nc3 dxc4 5.a4 Bf5 6.e3 e6 7.a5 Bb4 8.Qa4 Qe7
9.Bxc4 O-O 10.O-O Nbd7 11.Nh4 Bg4 12.f3 Bh5 13.g4 Bg6 14.e4 e5 15.Be3 exd4
16.Bxd4 Nxg4 17.Nxg6 Qd6 18.fxg4 Qxd4+ 19.Kg2 Bxc3 20.Nxf8 Qxe4+ 21.Rf3 Qxg4+  1/2-1/2

[Event "HUN-chT2 9596"]
[Site "HUN"]
[Date "1995.??.??"]
[Round "4"]
[White "Deak, Sandor"]
[Black "Mokcsay, Robert"]
[Result "0-1"]
[WhiteElo "2325"]
[BlackElo "2280"]

1.d4 d5 2.c4 c6 3.Nf3 Nf6 4.Nc3 dxc4 5.a4 Bf5 6.Ne5 Nbd7 7.Nxc4 e6 8.f3 Bb4
9.e4 Bg6 10.Be2 O-O 11.O-O Nb6 12.Ne5 Nfd7 13.Nd3 Bd6 14.a5 Nc8 15.f4 Ne7
16.g4 f6 17.Qb3 Bf7 18.Qxb7 e5 19.Be3 exd4 20.Bxd4 c5 21.Be3 c4 22.Nf2 Nc5
23.Bxc5 Bxc5 24.Rfd1 Qb8 25.Qxb8 Raxb8 26.Ra2 Rfd8 27.Kg2 Ng6 28.Nh3 Rxd1
29.Bxd1 Rd8 30.Be2 Rd2 31.Kf1 Bd4 32.Ra4 Rxb2 33.Nd5 c3 34.Bd3 c2 35.Bxc2 Rxc2
36.Rxd4 Ra2 37.f5 Ne5 38.Rb4  0-1

[Event "HUN-chT2 9596"]
[Site "HUN"]
[Date "1995.??.??"]
[Round "4"]
[White "Somogyi, Istvan"]
[Black "Acs, Peter"]
[Result "1/2-1/2"]
[WhiteElo "2270"]
[BlackElo "2240"]

1.d4 d5 2.c4 c6 3.Nf3 Nf6 4.Nc3 dxc4 5.a4 Bf5 6.Ne5 e6 7.f3 Bb4 8.Bg5 c5
9.dxc5 Qxd1+ 10.Rxd1 Bc2 11.Rd2 Bb3 12.e4 Nc6 13.Nxc4 Bxc4 14.Bxc4 Bxc5 15.Bb5 Nd7
16.Bxc6 bxc6 17.Ke2 Ne5 18.Rhd1 f6 19.Bf4 Rb8 20.Rc2 Ke7 21.Nb5 cxb5 22.Rxc5 Rhc8
23.Bxe5 fxe5 24.Rxb5 Rxb5 25.axb5 Rc2+ 26.Rd2 Rc5 27.Kd3 Rxb5 28.Kc4 a6 29.b4 Rb6
30.Kc5 Rb5+ 31.Kc4 Rb6 32.Kc5 Rb5+  1/2-1/2

[Event "Kavala op"]
[Site "Kavala"]
[Date "1995.??.??"]
[Round "5"]
[White "Papaioannou, Ioannis"]
[Black "Kofidis, Andreas"]
[Result "1-0"]
[WhiteElo "2405"]
[BlackElo "2415"]

1.d4 d5 2.Nf3 Nf6 3.c4 dxc4 4.Nc3 c6 5.a4 Bf5 6.e3 Nbd7 7.Bxc4 e6 8.O-O Qc7
9.Qe2 Be7 10.e4 Bg6 11.Bg5 Rc8 12.Rac1 h6 13.Bh4 Bb4 14.e5 Nh7 15.Bg3 Bh5
16.d5 Ng5 17.dxe6 Nxe6 18.Bxe6 fxe6 19.Qc4 Be7 20.Nd4 Nb6 21.Qb3 O-O 22.a5 Na8
23.Qxe6+ Bf7 24.Qg4 h5 25.Qe4 Qxa5 26.Nf5 Qb4 27.e6 Be8 28.Nxe7+ Qxe7 29.Rcd1 Qf6
30.e7 Rf7 31.Rfe1 Nb6 32.h4 a5 33.Rd3 Qf5 34.Qxf5 Rxf5 35.Rd8 Rf7 36.Bc7 Rxc7
37.Rxe8+ Kh7 38.Rh8+  1-0

[Event "Klatovy op"]
[Site "Klatovy"]
[Date "1995.??.??"]
[Round "4"]
[White "Pinc, Miroslav"]
[Black "Shurygin, Sergey"]
[Result "1-0"]
[WhiteElo "2210"]
[BlackElo "2295"]

1.d4 d5 2.Nf3 c6 3.c4 Nf6 4.Nc3 dxc4 5.a4 Bf5 6.e3 e6 7.Bxc4 Bb4 8.O-O Nbd7
9.Qb3 Qb6 10.Nh4 O-O 11.Nxf5 exf5 12.Rd1 Ne4 13.f3 Nd6 14.Bd3 Nf6 15.Qc2 g6
16.Na2 a5 17.Nxb4 axb4 18.Qc5 Qxc5 19.dxc5 Nb5 20.Bd2 Nc7 21.Bxb4 Rfe8 22.Kf2 Nfd5
23.Bd2 Na6 24.Rdc1 Rad8 25.Ra3 Ndb4 26.Ke2 Nd5 27.g3 Rd7 28.Rc4 Rde7 29.e4 Nf6
30.Bg5 Re6 31.Bxf6 Rxf6 32.Kd2 fxe4 33.Bxe4 Re5 34.b4 Rh5 35.h4 Re5 36.Rd3 Rfe6
37.Rd7 Re7 38.Rxe7 Rxe7 39.b5 cxb5 40.axb5 Nc7 41.b6 Rd7+ 42.Kc3 Nd5+ 43.Bxd5 Rxd5
44.c6 bxc6 45.b7  1-0

[Event "Klatovy op"]
[Site "Klatovy"]
[Date "1995.??.??"]
[Round "4"]
[White "Orsag, Milan"]
[Black "Jankovec, Ivan"]
[Result "1-0"]
[WhiteElo "2390"]
[BlackElo "2275"]

1.d4 d5 2.Nf3 Nf6 3.c4 dxc4 4.Nc3 c6 5.a4 Bf5 6.e3 e6 7.a5 Bd3 8.Bxd3 cxd3
9.Qb3 Qc7 10.O-O Be7 11.e4 O-O 12.Bg5 Nh5 13.Be3 Na6 14.e5 g6 15.Ne4 Nb4
16.g4 Ng7 17.Nf6+ Kh8 18.Ng5 c5 19.Rac1 Qd8 20.Ngxh7 cxd4 21.Bd2 Nd5 22.Qxd3 Bxf6
23.Nxf6 Nxf6 24.Bg5 Nge8 25.exf6 Kg8 26.b4 Qd7 27.f4 Rc8 28.Rcd1 Nc7 29.Qh3 Rfd8
30.f5 gxf5 31.gxf5 d3 32.Be3 Qd5 33.Rf4  1-0

[Event "Kosice op"]
[Site "Kosice"]
[Date "1995.??.??"]
[Round "?"]
[White "Kamenets, Anatolij"]
[Black "Kononenko, Tatiana"]
[Result "1-0"]
[WhiteElo "2310"]
[BlackElo "2240"]

1.d4 c6 2.c4 d5 3.Nf3 Nf6 4.Nc3 dxc4 5.a4 Bf5 6.e3 e6 7.Bxc4 Bb4 8.O-O Nbd7
9.Qe2 Bg6 10.Rd1 O-O 11.Ne5 Qc7 12.Nxg6 hxg6 13.e4 Rad8 14.e5 Nd5 15.Nxd5 cxd5
16.Bd3 Nb8 17.h4 Nc6 18.Be3 Ne7 19.h5 Nf5 20.g4 Nxe3 21.Qxe3 gxh5 22.Qh3 Rfe8
23.Kg2 Qe7 24.Qxh5 g6 25.Qh6 Qf8 26.Qf4 Qg7 27.g5 Rc8 28.Rh1 Red8 29.Rh6  1-0

[Event "Clarin op"]
[Site "La Carlota"]
[Date "1995.??.??"]
[Round "6"]
[White "Garcia Palermo, Carlos"]
[Black "Gomez Baillo, Jorge H"]
[Result "0-1"]
[WhiteElo "2505"]
[BlackElo "2420"]

1.d4 d5 2.c4 c6 3.Nf3 Nf6 4.Nc3 dxc4 5.a4 Bf5 6.Ne5 e6 7.f3 Bb4 8.h4 c5 9.dxc5 Nd5
10.e4 Qf6 11.Qd4 Nd7 12.Bf4 Bxe4 13.fxe4 Qxf4 14.Nxd7 O-O-O 15.c6 bxc6 16.Qxc4 Qg3+
17.Kd2 Bxc3+ 18.bxc3 Nc7 19.Qxc6 Qf2+ 20.Kc1 Rxd7 21.Ba6+ Kd8 22.Rd1 Rxd1+
23.Kxd1 Nxa6 24.Qd6+ Ke8 25.Rb1 Qf1+ 26.Kc2 Qc4 27.e5 Qxa4+ 28.Kb2 Qb5+ 29.Kc2 Qe2+
30.Kb3  0-1

[Event "Legnica"]
[Site "Legnica"]
[Date "1995.??.??"]
[Round "?"]
[White "Kiseleva, Natalia"]
[Black "Grechanovskaya, Elena"]
[Result "1-0"]
[WhiteElo "2240"]
[BlackElo "2100"]

1.d4 d5 2.c4 c6 3.Nf3 Nf6 4.Nc3 dxc4 5.a4 Bf5 6.Nh4 Bg4 7.h3 Bh5 8.g3 e6
9.Bg2 Be7 10.O-O Nd5 11.Nf3 Nd7 12.Nd2 N7b6 13.a5 Nxc3 14.bxc3 Nd5 15.Bb2 O-O
16.Nxc4 f5 17.Qd3 f4 18.e4 Bg6 19.Ne5 Nf6 20.Nxg6 hxg6 21.e5 Nh7 22.Bc1 fxg3
23.Qxg3 g5 24.Be4 Qe8 25.Qg4 Qf7 26.f4 c5 27.Be3 cxd4 28.fxg5 Qe8 29.cxd4 Kh8
30.g6 Rxf1+ 31.Rxf1 Nf8 32.Qh5+  1-0

[Event "GER-ch U20"]
[Site "Leipzig"]
[Date "1995.??.??"]
[Round "5"]
[White "Parulava, Temur"]
[Black "Hetey, Laszlo"]
[Result "1/2-1/2"]
[WhiteElo "2285"]
[BlackElo "2290"]

1.d4 d5 2.c4 c6 3.Nf3 Nf6 4.Nc3 dxc4 5.a4 Bf5 6.e3 e6 7.Bxc4 Bb4 8.O-O O-O
9.Nh4 Bg4 10.f3 Bh5 11.g4 Bg6 12.Nxg6 hxg6 13.e4 Nbd7 14.Kg2 a6 15.h4 b5
16.Bb3 c5 17.axb5 Bxc3 18.bxc3 axb5 19.Bf4 Qe7 20.Qd2 e5 21.dxe5 Nxe5 22.Bd5 Rxa1
23.Rxa1 Nxd5 24.Qxd5 Nc4 25.Qc6 Ne5 26.Qd5 Nc4 27.Bg5 Qc7 28.Ra6 Rc8 29.h5 gxh5
30.gxh5 Qe5 31.Qxe5 Nxe5 32.Rb6 f6 33.Bf4 Nd3 34.Bd2 b4 35.cxb4 cxb4 36.Bxb4 Nxb4
37.Rxb4 Rc5 38.h6 gxh6 39.Rb7 f5 40.Kg3 fxe4 41.fxe4 h5 42.Kf4 h4 43.Kg4 Rc4
44.Kf5 h3 45.Rb2 Kf7 46.Re2  1/2-1/2

[Event "Linares op"]
[Site "Linares"]
[Date "1995.??.??"]
[Round "?"]
[White "Tukmakov, Vladimir B"]
[Black "Solozhenkin, Evgeniy"]
[Result "1-0"]
[WhiteElo "2585"]
[BlackElo "2480"]

1.d4 d5 2.c4 c6 3.Nf3 Nf6 4.Nc3 dxc4 5.a4 Bf5 6.Nh4 e6 7.Nxf5 exf5 8.Bg5 Bb4
9.e3 Qa5 10.Bxf6 Bxc3+ 11.bxc3 Qxc3+ 12.Ke2 gxf6 13.g3 Na6 14.Kf3 O-O-O 15.Be2 Nc5
16.Rc1 Qa5 17.Bxc4 Rd7 18.Bxf7 Ne4 19.Ba2 Re8 20.Kg2 f4 21.Re1 fxg3 22.hxg3 Kb8
23.Rh1 Qb4 24.Bb1 f5 25.Rh5 Rf7 26.Qf3 Qb2 27.Rch1 Ref8 28.a5 a6 29.Bd3 Ka7
30.Qe2 Qb4 31.Rb1 Qd6 32.Rb2 Rg7 33.Bxe4 fxe4 34.Re5 Qg6 35.Qc2 Rf3 36.Kf1 Qf7
37.Rxe4 Rfxg3 38.Ke2 Rh3 39.Qc5+ Ka8 40.Re7 Qf8 41.Qb4  1-0

[Event "Linares op"]
[Site "Linares"]
[Date "1995.??.??"]
[Round "?"]
[White "Panchenko, Alexandar G"]
[Black "Gamundi, Antonio"]
[Result "1-0"]
[WhiteElo "2490"]
[BlackElo "2375"]

1.Nf3 d5 2.d4 Nf6 3.c4 c6 4.Nc3 dxc4 5.a4 Bf5 6.e3 e6 7.Bxc4 Bb4 8.O-O Nbd7
9.Qe2 O-O 10.e4 Bg4 11.e5 Nd5 12.Nxd5 cxd5 13.Bd3 Rc8 14.Qe3 Bxf3 15.Qxf3 Nb8
16.Qh3 g6 17.Bh6 Re8 18.Qg4 Nc6 19.h4 Bf8 20.Be3 a6 21.Rac1 Nb4 22.Bb1 Qd7
23.h5 Bg7 24.b3 Rxc1 25.Bxc1 Rc8 26.Bd2 Nc6 27.g3 Qe7 28.Kg2 Rf8 29.Be3 gxh5
30.Qxh5 f5 31.exf6 Bxf6 32.Qg4+ Kf7 33.Bxh7 Ke8 34.Rh1 Kd7 35.Bg8 Bg7 36.Bh7 Rh8
37.Rh5 Kc7 38.Qf4+ Kb6 39.Bg6 Rxh5 40.Bxh5 Qb4 41.Be8 Nxd4 42.Qg4  1-0

[Event "Linares zt"]
[Site "Linares"]
[Date "1995.??.??"]
[Round "6"]
[White "Piket, Jeroen"]
[Black "Sadler, Matthew"]
[Result "1/2-1/2"]
[WhiteElo "2625"]
[BlackElo "2565"]

1.d4 d5 2.Nf3 Nf6 3.c4 c6 4.Nc3 dxc4 5.a4 Bf5 6.e3 e6 7.a5 Bb4 8.Qa4 Qe7
9.Bxc4 O-O 10.O-O Nbd7 11.Ne2 h6 12.Bd2 Bd6 13.Nh4 Bh7 14.g3 e5 15.Rae1  1/2-1/2

[Event "Litomysl op"]
[Site "Litomysl"]
[Date "1995.??.??"]
[Round "6"]
[White "Solmajer, Luka"]
[Black "Beil, Zdenek"]
[Result "1-0"]
[WhiteElo "2050"]
[BlackElo "2315"]

1.d4 d5 2.c4 c6 3.Nc3 Nf6 4.Nf3 dxc4 5.a4 Bf5 6.e3 e6 7.Bxc4 Nbd7 8.O-O Bb4
9.Qe2 Bg6 10.Rd1 O-O 11.Na2 Bd6 12.b3 Qe7 13.Bb2 e5 14.dxe5 Nxe5 15.Nxe5 Bxe5
16.Rac1 Bh5 17.f3 Bxb2 18.Qxb2 Qxe3+ 19.Qf2 Rfe8 20.Nc3 Bg6 21.Rd2 a5 22.Qxe3 Rxe3
23.Kf2 Rae8 24.g4 R3e7 25.Rcd1 h5 26.g5 Nh7 27.h4 Nf8 28.Ne2 Ne6 29.Bxe6 Rxe6
30.Nf4 Re3 31.Nxg6 fxg6 32.Rd8 Re2+ 33.Kg3 Kf7 34.R1d7+ R2e7 35.Kf4 Rxd8
36.Rxd8 Ke6 37.Ra8 Kd5 38.Rxa5+ Kd4 39.Ra7 Rf7+ 40.Kg3 Ke3 41.a5 Rxf3+ 42.Kg2 Rf2+
43.Kg3 Rf3+ 44.Kg2 Rf4 45.Rxb7 Rxh4 46.a6 Rg4+ 47.Kh2 Rxg5 48.Rb4 Kf2 49.Rf4+ Ke3
50.a7 Kxf4 51.a8=Q c5 52.Qe8 Kf5 53.Qf7+ Kg4 54.Qe6+ Kf4 55.Qc4+ Kf3 56.Qc3+ Kg4
57.Qxg7 h4 58.Qh6 Kf5 59.Kh3 Rh5 60.Qg7 Kg5 61.Qf8  1-0

[Event "POL-chT"]
[Site "Lubniewice"]
[Date "1995.??.??"]
[Round "10"]
[White "Czerwonski, Aleksander"]
[Black "Janocha, Wieslaw"]
[Result "1-0"]
[WhiteElo "2360"]
[BlackElo "2405"]

1.d4 d5 2.c4 c6 3.Nf3 Nf6 4.Nc3 dxc4 5.a4 Bf5 6.e3 e6 7.Bxc4 Bb4 8.O-O Nbd7
9.Nh4 Bg6 10.Qb3 a5 11.Nxg6 hxg6 12.f4 Qb6 13.Rd1 Nd5 14.Ne4 Be7 15.Bd2 Qxb3
16.Bxb3 Nb4 17.Rac1 O-O 18.Kf1 Rfd8 19.Ke2 Rac8 20.g4 Nf6 21.Ng5 Nfd5 22.e4 Nc7
23.Be3 Bxg5 24.fxg5 b6 25.h4 Kh7 26.h5 f6 27.Rh1 fxg5 28.hxg6+ Kxg6 29.Rh5 Rh8
30.Rxg5+ Kf7 31.Rf1+ Kg8 32.Bf4 Rh6 33.Be5 Ne8 34.Rh5 Rg6 35.Rhf5 Kh7 36.Rh1+ Kg8
37.Rg5 Rxg5 38.Bxe6+ Kf8 39.Bxc8 Rg6 40.Rf1+ Ke7 41.Bf5 Rh6 42.Bf4 Rh3 43.Bg5+ Kd6
44.Bg6 Rh2+ 45.Kf3  1-0

[Event "Madras zt"]
[Site "Madras"]
[Date "1995.??.??"]
[Round "2"]
[White "Amarawickrama, Himan Uddama"]
[Black "Ramesh, RB."]
[Result "0-1"]
[WhiteElo "2000"]
[BlackElo "2330"]

1.d4 d5 2.c4 c6 3.Nf3 Nf6 4.Nc3 dxc4 5.a4 Bf5 6.Ne5 e6 7.f3 Bb4 8.e4 Bxe4
9.fxe4 Nxe4 10.Bd2 Qxd4 11.Nxe4 Qxe4+ 12.Qe2 Bxd2+ 13.Kxd2 Qd5+ 14.Kc2 Na6
15.Nxc4 O-O-O 16.Qe5 f6 17.Qe3 Kb8 18.Be2 e5 19.g4 Qe6 20.Rad1 Rd5 21.b3 Rhd8
22.Kb2 e4 23.Qc3 Nc5 24.Rxd5 cxd5 25.Qd4 Rc8 26.Na3 Qb6 27.Qxd5 Nxa4+ 28.Ka1 Nc3
29.Qd2 Qxb3 30.Qd6+ Ka8 31.Bc4 Qa4 32.Kb2 Qa5 33.Rc1 Na4+ 34.Ka2 a6 35.Qe6 Rd8
36.Rc2 Nc3+ 37.Kb2 Nd1+ 38.Ka2 Ne3 39.Rb2 Nd1 40.Rc2 e3 41.Be2 Nc3+ 42.Kb2 Nxe2
43.Rxe2 Rd3 44.Nc2 Qb5+ 45.Kc1 Rd1+  0-1

[Event "Capablanca mem"]
[Site "Matanzas"]
[Date "1995.??.??"]
[Round "2"]
[White "Blanco Fernandez, Alvaro"]
[Black "Arencibia, Juan Joel"]
[Result "1/2-1/2"]
[WhiteElo "2455"]
[BlackElo "2435"]

1.d4 d5 2.c4 c6 3.Nc3 Nf6 4.Nf3 dxc4 5.a4 Bf5 6.Ne5 e6 7.f3 Bb4 8.e4 Bxe4
9.fxe4 Nxe4 10.Bd2 Qxd4 11.Nxe4 Qxe4+ 12.Qe2 Bxd2+ 13.Kxd2 Qd5+ 14.Kc2 Na6
15.Nxc4 O-O-O 16.Qe3 c5 17.Be2 Nb4+ 18.Kb3 Nc6 19.Rac1 Qxg2 20.Ka3 Nd4 21.Bd3 Qf3
22.Qxf3 Nxf3 23.Rc3 Rd7 24.Rf1 Nxh2 25.Rxf7 Rxf7 26.Nd6+ Kd7 27.Nxf7 Rf8
28.Ne5+ Kd6 29.Nc4+ Kd5 30.Bxh7 Nf3 31.Ne3+ Kd4 32.Nc2+ Kd5 33.Re3 Ng5 34.Bd3 e5
35.Kb3 e4 36.Rg3 Nf3 37.Bc4+ Ke5 38.Rxg7 Nd2+ 39.Kc3 Nb1+ 40.Kb3  1/2-1/2

[Event "Capablanca mem-C"]
[Site "Matanzas"]
[Date "1995.??.??"]
[Round "12"]
[White "Rivera, Alberto"]
[Black "Andonovski, Ljubisa"]
[Result "1-0"]
[WhiteElo "2370"]
[BlackElo "2290"]

1.d4 Nf6 2.Nf3 d5 3.c4 c6 4.Nc3 dxc4 5.a4 Bf5 6.e3 e6 7.Bxc4 Bb4 8.O-O Nbd7
9.Qb3 a5 10.Na2 Be7 11.Nh4 Bg4 12.f3 Bh5 13.g4 Bg6 14.e4 O-O 15.Be3 Ne8 16.Nxg6 hxg6
17.Rad1 Nc7 18.Nc3 Bb4 19.Qc2 Qe7 20.g5 e5 21.f4 exd4 22.Bxd4 Ne6 23.Be3 Bc5
24.Qf2 Bxe3 25.Qxe3 Rad8 26.Ba2 Qc5 27.Qxc5 Ndxc5 28.Rxd8 Rxd8 29.h4 Nd4
30.f5 gxf5 31.exf5 Ndb3 32.g6 Rd4 33.h5 Kf8 34.Kg2 Rg4+ 35.Kh3 Rg5 36.Kh4 Rg2
37.Bxb3 Nxb3 38.Rd1 fxg6 39.fxg6 Nc5 40.Rf1+ Ke8 41.Rf7 Rxb2 42.Rxg7 Rb4+
43.Kg5 Ne6+ 44.Kf6 Nxg7 45.Kxg7 Rd4 46.h6 Rd7+ 47.Kh8 Rd6 48.Kh7 Rd8 49.g7 Kf7
50.Ne4  1-0

[Event "Capablanca mem-C"]
[Site "Matanzas"]
[Date "1995.??.??"]
[Round "13"]
[White "Andonovski, Ljubisa"]
[Black "Gonzales, Renieo"]
[Result "0-1"]
[WhiteElo "2290"]
[BlackElo "2290"]

1.d4 d5 2.Nf3 Nf6 3.c4 c6 4.Nc3 dxc4 5.a4 Bf5 6.e3 Na6 7.Bxc4 Nb4 8.O-O e6
9.a5 Be7 10.Qe2 O-O 11.e4 Bg4 12.Be3 Qc7 13.Rfc1 Rad8 14.Bb3 Qb8 15.h3 Bxf3
16.Qxf3 Rd7 17.Bf4 Qd8 18.Be3 Ne8 19.Qe2 Nc7 20.Rf1 Kh8 21.Ra4 f5 22.f3 f4
23.Bf2 c5 24.dxc5 Nd3 25.c6 bxc6 26.Bxa7 Bc5+ 27.Bxc5 Nxc5 28.Ra3 Rd2 29.Rd1 Qd4+
30.Kf1 Rxe2 31.Rxd4 Rxb2 32.Bc4 Rb4 33.e5 Nb5 34.Bxb5 Rxd4 35.Bxc6 Rd3 36.Nb5 Rxa3
37.Nxa3 Rc8 38.Bb5 Ra8 39.Nc4 Ra7 40.g3 fxg3 41.Kg2 Nb3 42.Kxg3 Nxa5 43.Nd6 Nb3
44.Bc4 Nd4 45.f4 g6 46.h4 Ra3+ 47.Kg4 Kg7 48.h5 Nf5 49.Nxf5+ exf5+  0-1

[Event "Moscow3"]
[Site "Moscow"]
[Date "1995.??.??"]
[Round "?"]
[White "Ivanov, Timur"]
[Black "Janovsky, Sergey"]
[Result "1-0"]
[WhiteElo "2425"]
[BlackElo "2450"]

1.Nf3 d5 2.d4 Nf6 3.c4 c6 4.Nc3 dxc4 5.a4 Bf5 6.Ne5 e6 7.f3 Bb4 8.Nxc4 c5
9.dxc5 Qxd1+ 10.Kxd1 O-O 11.e4 Bg6 12.Be3 Nfd7 13.Nb5 Nc6 14.Nbd6 Rab8 15.Bd3 Nxc5
16.Bc2 e5 17.Ke2 Ne6 18.Kf2 Ned4 19.Bd1 a6 20.f4 b5 21.axb5 axb5 22.Nxe5 Nxe5
23.fxe5 Nc6 24.Bf4 Bc5+ 25.Be3 Nxe5 26.Bxc5 Nd3+ 27.Ke3 Nxc5 28.Bc2 b4 29.Ra5 Nb7
30.Nxb7 Rxb7 31.Bb3 Re8 32.e5 Kf8 33.Kd4 Bf5 34.Rc1 Rd7+ 35.Rd5 f6 36.Re1 Red8
37.exf6 gxf6 38.Re2 Bg6 39.Rxd7 Rxd7+ 40.Kc5 Rb7 41.Bd5 Rb8 42.b3 Bf7 43.Bxf7 Kxf7
44.Re4 f5 45.Rf4 Kg6 46.g3 Rc8+ 47.Kxb4 Rc2 48.Rh4 h5 49.Ka3 Kg5 50.b4 f4
51.Rxf4 Rxh2 52.b5 Rd2 53.Rb4 Rd3+ 54.Rb3 Rd4 55.b6 Kg4 56.Rb4  1-0

[Event "Moscow op"]
[Site "Moscow"]
[Date "1995.??.??"]
[Round "1"]
[White "Talanin, Andrei"]
[Black "Kuporosov, Viktor"]
[Result "0-1"]
[WhiteElo "2285"]
[BlackElo "2500"]

1.d4 Nf6 2.c4 c6 3.Nf3 d5 4.Nc3 dxc4 5.a4 Bf5 6.e3 e6 7.Bxc4 Bb4 8.O-O O-O
9.h3 Nbd7 10.Nh4 Bg6 11.Nxg6 hxg6 12.Qb3 Qb6 13.Rd1 Rfd8 14.Bd2 a5 15.Be1 Qc7
16.Rac1 Nb6 17.Be2 Rd7 18.Bf3 Rad8 19.e4 Nc8 20.d5 Qe5 21.dxe6 fxe6 22.Rxd7 Rxd7
23.Be2 Kf7 24.Qc2 g5 25.g3 Ne7 26.Bf3 Ng6 27.Rd1 Nf8 28.Bg2 Rxd1 29.Qxd1 N8d7
30.Bd2 Bc5 31.Qf3 Bd4 32.Kh2 Nc5 33.Qe2 g6 34.f4 gxf4 35.Bxf4 Qh5 36.g4 Qh8
37.g5 Nh5 38.Qf3 Ke7 39.Bc7 Be5+ 40.Bxe5 Qxe5+ 41.Kg1 Qxg5 42.Kh1 Qc1+ 43.Bf1 Qxf1+
44.Qxf1 Ng3+ 45.Kg2 Nxf1 46.Kxf1 Kf6 47.Ke2 Kg5 48.Kf3 e5 49.Kg3 Kh5 50.h4 Nd3
51.Nd1 b5 52.Nc3 b4 53.Nd1 Nc5 54.Nf2 g5 55.hxg5 Kxg5 56.Kf3 Nxa4 57.Nd3 Kf6
58.Ke3 Nb6 59.b3 Nd7 60.Kd2 Ke6 61.Ke3 Kd6 62.Nb2 Kc5 63.Kd3 Nb6 64.Ke3 Kb5
65.Nd3 Nd7 66.Kd2 a4 67.bxa4+ Kxa4 68.Kc2 c5  0-1

[Event "Moscow op2"]
[Site "Moscow"]
[Date "1995.??.??"]
[Round "6"]
[White "Chekhov, Valery A"]
[Black "Lastin, Alexander"]
[Result "1-0"]
[WhiteElo "2500"]
[BlackElo "2465"]

1.d4 d5 2.c4 c6 3.Nf3 Nf6 4.Nc3 dxc4 5.a4 Bf5 6.Ne5 e6 7.f3 Bb4 8.e4 Bxe4
9.fxe4 Nxe4 10.Bd2 Qxd4 11.Nxe4 Qxe4+ 12.Qe2 Bxd2+ 13.Kxd2 Qd5+ 14.Kc2 Na6
15.Nxc4 O-O 16.Qe5 Rfd8 17.Be2 f6 18.Qxd5 cxd5 19.Na5 Rac8+ 20.Kb1 Nb4 21.Nxb7 Rd7
22.Na5 d4 23.Bc4 Kf7 24.Re1 Nd5 25.Ra3 Ne3 26.Raxe3 dxe3 27.Rxe3 Rd6 28.b4 f5
29.Kc2 Kf6 30.Rd3 Rxd3 31.Kxd3 e5 32.b5 Rd8+ 33.Kc3 e4 34.Nc6 Rd7 35.a5 f4
36.a6 f3 37.gxf3 exf3 38.b6  1-0

[Event "Nagykanizsa op "]
[Site "Nagykanizsa"]
[Date "1995.??.??"]
[Round "?"]
[White "Krutti, Valer"]
[Black "Plecsko, Zoltan"]
[Result "1-0"]
[WhiteElo "2415"]
[BlackElo "2155"]

1.d4 d5 2.c4 dxc4 3.Nf3 Nf6 4.Nc3 c6 5.a4 Bf5 6.Ne5 Nbd7 7.Nxc4 Qc7 8.g3 e5
9.dxe5 Nxe5 10.Bf4 Nfd7 11.Qc1 f6 12.Bg2 Be7 13.O-O a5 14.Nxe5 fxe5 15.Nd5 Qd6
16.Nxe7 Qxe7 17.Bg5 Qc5 18.Qd2 O-O 19.Rfc1 Qb6 20.Be3 Qc7 21.b4 axb4 22.Qxb4 Nf6
23.Bc5 Rfe8 24.a5 Nd5 25.Qb2 Nf6 26.Bb6 Qf7 27.a6 Rxa6 28.Rxa6 bxa6 29.Rxc6 Qd7
30.Qc1 Rc8 31.Bc7 e4 32.Rc5 h6 33.Bf1 Bh3 34.Bxh3 Qxh3 35.Qc4+ Kh7 36.Rc6 Ra8
37.Rxf6  1-0

[Event "New York op"]
[Site "New York"]
[Date "1995.??.??"]
[Round "8"]
[White "Manion, Josh"]
[Black "Morovic Fernandez, Ivan"]
[Result "0-1"]
[WhiteElo "2335"]
[BlackElo "2575"]

1.d4 d5 2.c4 c6 3.Nf3 Nf6 4.Nc3 dxc4 5.a4 Bf5 6.e3 e6 7.Bxc4 Bb4 8.O-O Nbd7
9.Qe2 Bg6 10.Rd1 O-O 11.Bd3 Bxd3 12.Qxd3 Qe7 13.Na2 Bd6 14.e4 e5 15.Nc3 Rad8
16.d5 Bb4 17.Bg5 Bxc3 18.Qxc3 cxd5 19.exd5 e4 20.Nd4 Qe5 21.Bxf6 Nxf6 22.Nb5 Qh5
23.d6 a6 24.Nc7 Rd7 25.b4 Rfd8 26.Qc5 Qg6 27.b5 h5 28.h3 h4 29.bxa6 bxa6
30.Rab1 e3 31.Qxe3 Rxd6 32.Qb3 Ne4 33.Nd5 Qe6  0-1

[Event "Nikolaev zt"]
[Site "Nikolaev"]
[Date "1995.??.??"]
[Round "7"]
[White "Itkis, Boris"]
[Black "Milov, Leonid"]
[Result "1-0"]
[WhiteElo "2410"]
[BlackElo "2525"]

1.d4 d5 2.c4 c6 3.Nf3 Nf6 4.Nc3 dxc4 5.a4 Bf5 6.Nh4 Bd7 7.e4 e6 8.Nf3 Bb4
9.Bxc4 Nxe4 10.Qb3 Qb6 11.Qc2 Nf6 12.O-O a5 13.Bg5 Na6 14.Ne5 Be7 15.Rfe1 Nb4
16.Qb3 Rd8 17.Rad1 Nbd5 18.Qc2 Bc8 19.Qe2 h6 20.Bc1 Bb4 21.Qf3 Qc7 22.Qg3 Rg8
23.Rd3 Ne7 24.Qf3 Ned5 25.Qg3 Be7 26.Rdd1 Nb4 27.Bb3 Nbd5 28.Bc2 Qb6 29.Bg6  1-0

[Event "JUG-chT"]
[Site "Nis"]
[Date "1995.??.??"]
[Round "?"]
[White "Milovanovic, Srboljub"]
[Black "Misailovic, Nebojsa"]
[Result "0-1"]
[WhiteElo "2250"]
[BlackElo "2385"]

1.d4 d5 2.c4 c6 3.Nf3 Nf6 4.Nc3 dxc4 5.a4 Bf5 6.Ne5 Nd5 7.Nxc4 Nd7 8.e3 e6
9.Bd3 Bxd3 10.Qxd3 Bb4 11.O-O O-O 12.Bd2 N5f6 13.Ne4 Bxd2 14.Ncxd2 Qa5 15.b4 Qd5
16.Nc3 Qh5 17.Nde4 Rfd8 18.Nxf6+ Nxf6 19.Qc4 h6 20.h3 Rd7 21.Ra2 Rad8 22.b5 e5
23.bxc6 bxc6 24.Qxc6 exd4 25.exd4 Rxd4 26.Qa6 Rd3 27.Ne2 Qg5 28.Qb5 R8d5
29.Qb8+ Kh7 30.Nf4 Rd8 31.Qc7 R8d7 32.Qc1 R3d6 33.Qe3 Rd4 34.g3 Re4 35.Qc1 Qf5
36.h4 g5 37.Ng2 gxh4 38.Nxh4 Rxh4 39.gxh4 Qg4+ 40.Kh1 Qxh4+ 41.Kg1 Qg4+ 42.Kh2 Rd5
43.Qb1+ Ne4 44.Qb5 Rxb5 45.axb5 Ng5  0-1